Word Ladder: Dance France Quiz Stats

 Plays Quiz Updated Jan 12, 2016

Challenge
Share
Tweet
Embed
Score 0/24 Timer 03:00
0 Plays Today
Hint 4-Letter Word % Correct
Apple's centreCORE
94.6%
Majority of IsraelisJEWS
93.8%
Spielberg thrillerJAWS
93.3%
Headfirst plungeDIVE
92.6%
Small prime numberFIVE
92.6%
Grass dropletsDEWS
92.5%
Healthy food planDIET
91.5%
Average golf scoresPARS
89.4%
Most-liked, for shortFAVE
87.9%
One's destinyFATE
87.7%
Thin ropeCORD
87%
Printed greetingCARD
86.2%
Hint 4-Letter Word % Correct
Toronto baseballersJAYS
85.6%
Loose earthDIRT
85%
● Two, in French ●●DEUX●
83.6%
● Country, in French ●●PAYS●
83.2%
____ Ex machinaDEUS
83.1%
Part of 'Sultans of Swing' bandDIRE
82.5%
Western friendPARD
78%
● Coast, in French ●●COTE●
76.2%
● Party, in French ●●FETE●
75.2%
CarryTOTE
73.3%
● Head, in French ●●TETE●
71.6%
● God, in French ●●DIEU●
55.2%

Today's Daily Dose

Missing Word
Biopics

Word Ladder
Food Idioms

Quick Pick
Diets

On This Day
December 18th II

You're not logged in!

Compare scores with friends on all Sporcle quizzes.
OR
Log In

You Might Also Like...

Show Comments

Extras

Top Quizzes Today


Score Distribution

Your Account Isn't Verified!

In order to create a playlist on Sporcle, you need to verify the email address you used during registration. Go to your Sporcle Settings to finish the process.

Report this User

Report this user for behavior that violates our Community Guidelines.

Details: